| 000 | 00505nam a22001817a 4500 | ||
|---|---|---|---|
| 003 | OSt | ||
| 005 | 20140310182519.0 | ||
| 008 | 130810t xxu||||| |||| 00| 0 eng d | ||
| 020 | _a9781441954175 | ||
| 050 |
_aRS 189 _b.T944 2010 |
||
| 100 |
_aTurner, Rick J. _99311 |
||
| 245 |
_aNew drug development : _ban introduction to clinical trials / |
||
| 250 | _a2nd ed. | ||
| 260 |
_aUSA : _bSpringer Science+Business Media, _c2010. |
||
| 300 |
_a256 p. ; _c240 cm. |
||
| 942 |
_2lcc _cSSLC |
||
| 999 |
_c14004 _d14004 |
||